Catálogo público

Biochemistry of virus-infected plants / (Record no. 201241)

MARC details
000 -CABECERA
campo de control de longitud fija 00786nam a2200265Ia 4500
001 - NÚMERO DE CONTROL
campo de control Para_2783
003 - IDENTIFICADOR DEL NÚMERO DE CONTROL
campo de control CHAP
008 - DATOS DE LONGITUD FIJA--INFORMACIÓN GENERAL
campo de control de longitud fija 220125s1987 xx 000 0 und d
010 ## - NÚMERO DE CONTROL DE LA BIBLIOTECA DEL CONGRESO
Número de control de LC 201241
040 ## - FUENTE DE LA CATALOGACIÓN
Centro/agencia transcriptor CHAP
082 ## - NÚMERO DE LA CLASIFICACIÓN DECIMAL DEWEY
Número de clasificación PA 576.6483 F7
100 ## - ENTRADA PRINCIPAL--NOMBRE DE PERSONA
Nombre de persona Fraser, R. S. S.
9 (RLIN) 43067
245 ## - MENCIÓN DE TÍTULO
Título Biochemistry of virus-infected plants /
Mención de responsabilidad, etc. by R.S.S. Fraser
260 ## - PUBLICACIÓN, DISTRIBUCIÓN, ETC.
Lugar de publicación, distribución, etc. Letchworth, N. Y. :
Nombre del editor, distribuidor, etc. Wiley
300 ## - DESCRIPCIÓN FÍSICA
Extensión 259 p. : ilus
440 ## - MENCIÓN DE SERIE/PUNTO DE ACCESO ADICIONAL--TÍTULO
Título Research studies in botany and related applied fields; 3
9 (RLIN) 166124
650 ## - PUNTO DE ACCESO ADICIONAL DE MATERIA--TÉRMINO DE MATERIA
Término de materia o nombre geográfico como elemento de entrada Virus Plantas
Subdivisión general Enfermedades por virus Química vegetal
9 (RLIN) 166125
901 ## - ELEMENTOS DE DATOS A LOCAL LDA (RLIN)
a PA 576.6483 F7
902 ## - ELEMENTOS DE DATOS B LOCAL, LDB (RLIN)
a A
905 ## - ELEMENTOS DE DATOS E LOCAL, LDE (RLIN)
a 0000001987 LET 0000000000 00
910 ## - DATOS DE OPCIÓN DEL USUARIO (OCLC)
Datos de opción del usuario 1987
942 ## - ELEMENTOS DE PUNTO DE ACCESO ADICIONAL (KOHA)
Tipo de ítem Koha Parasitologia_
942 ## - ELEMENTOS DE PUNTO DE ACCESO ADICIONAL (KOHA)
Tipo de ítem Koha Parasitologia_
-- 1
Holdings
Estado de retiro Estado de pérdida Fuente del sistema de clasificación o colocación Estado dañado Restricciones de uso No para préstamo Código de colección Localización permanente Ubicación/localización actual Fecha de adquisición Información codificada de la localización en otra ubicación Número de inventario Total de préstamos Signatura topográfica completa Código de barras Fecha visto por última vez Número de copia Precio válido a partir de Tipo de ítem Koha Nota pública
    Dewey Decimal Classification   Préstamo 3 días   General Parasitologia Agricola Parasitologia Agricola 27/10/2005 PARA (PA_300) (No. UACh C/E)   PA 576.6483 F7 4102000362 25/01/2022 Ej.1 25/01/2022 Libro 3